Interpret an 3 Songs erkennen #2 - Statistiken

Allgemein
  • Dieses Quiz wurde 260 mal gespielt
  • Das Durchschnittsergebnis liegt bei 11 aus 15
Antwortstatistiken
Hinweis Antwort % Korrekt
"Pokerface", "Shallow", "Bad Romance" Lady Gaga
97%
"Hips Don't Lie", "Waka Waka (This Time for Africa)", "Whenever, Wherever" Shakira
96%
"Junge", "Lasse redn", "Männer sind Schweine" Die Ärzte
91%
"Here Comes The Sun", "Let It Be", "Yesterday" The Beatles
90%
"Schlechtes Vorbild", "Bilder im Kopf", "Augen auf" Sido
86%
"Wake Me Up", "Hey Brother", "The Nights" Avicii
82%
"Clocks", "Viva La Vida", "Something Just Like This" Coldplay
78%
"As It Was", "Watermelon Sugar", "Sign of the Times" Harry Styles
77%
"I Wanna Dance with Somebody", "Higher Love", "I Will Always Love You" Whitney Houston
68%
"Counting Stars", "Apologize", "Secrets" OneRepublic
66%
"Die Nacht von Freitag auf Montag", "Ne Leiche", "Ich will nur dass du weißt" SDP
63%
"Es gibt nur Wasser", "Gott muss ein Seemann sein", "Frei wie der Wind" Santiano
51%
"Das Beste", "Irgendwas bleibt", "Symphonie" Silbermond
51%
"Behind Blue Eyes", "Break Stuff", "Rollin" Limp Bizkit
35%
"Everlong", "The Pretender", "My Hero" Foo Fighters
28%
Keine übereinstimmenden Quizze gefunden
Verteilung der Resultate
Anzahl Personen mit jedem Resultat
Perzentil nach korrekt beantworteten Fragen
Ihre Resultats-Entwicklung
Sie haben dieses Quiz noch nicht gespielt